000 00354nam a22001337a 4500
020 _a978-81-89923-17-4
082 _a824
_bJAI/S
100 _aJAIN,R. K.
245 _aSELECTED SCHOOL ESSAYS LETTERS PARAGRAPHS AND STORIES
260 _aNEW DELHI
_bNEW LIGHT PUBLISHERS
300 _a209
650 _aESSAYS ,PARAGRAPHS & STORIES
_zNEW DELHI
942 _cBK
999 _c3635
_d3635